Descripción del ser humano
Saved in:
| Hovedforfatter: | |
|---|---|
| Institution som forfatter: | |
| Andre forfattere: | |
| Format: | Bog |
| Sprog: | spansk |
| Udgivet: |
Buenos Aires, Argentina:
Fondo de Cultura Económica,
2011.
|
| Udgivelse: | Edición póstuma a cargo de Manfred Sommer |
| Serier: | Filosofía
|
| Fag: | |
| Tags: |
Tilføj Tag
Ingen Tags, Vær først til at tagge denne postø!
|
MARC
| LEADER | 00000cam a2200000 a 4500 | ||
|---|---|---|---|
| 001 | UCG8396 | ||
| 003 | CL-VaPUC | ||
| 005 | 20250108095054.0 | ||
| 008 | 111202e20110000AG |||||||||||||||||spa|d | ||
| 999 | |c 346006 |d 346004 | ||
| 020 | |a 9789505578580 | ||
| 040 | |c Pontificia Universidad Católica de Valparaíso | ||
| 082 | 0 | 4 | |a 190 |b BLU |2 21 |
| 100 | |a Blumenberg, Hans |e autor |9 391356 | ||
| 245 | 1 | 0 | |a Descripción del ser humano |
| 250 | |a Edición póstuma a cargo de Manfred Sommer | ||
| 260 | |a Buenos Aires, Argentina: |b Fondo de Cultura Económica, |c 2011. | ||
| 300 | |a 687 páginas | ||
| 490 | |a Filosofía | ||
| 583 | |a last modification |c 20111202 14:14:00 |k Rodrigo Vera | ||
| 650 | 0 | |a Antropología filosófica |9 265842 | |
| 650 | 0 | |a Existencialismo |9 265698 | |
| 650 | 0 | |a Fenomenología |9 256519 | |
| 700 | |9 859815 |a Mársico, Griselda |e traductora | ||
| 710 | |9 890724 |a Schoor, Uwe |e colaborador traducción | ||
| 942 | |c BK |2 ddc | ||
| 945 | |d 20111202 00:00:00 |a dcastane | ||
| 952 | |0 0 |1 0 |4 0 |6 190_000000000000000_BLU_2011 |7 0 |8 A |9 446427 |a BIBEDU |b BIBEDU |d 2019-11-22 |i 4805380 |l 1 |o 190 BLU 2011 |p 4805380 |r 2024-04-22 |s 2024-03-21 |w 2019-11-22 |y BK |k FIL | ||
| 952 | |0 0 |1 0 |3 erb |4 0 |6 190_000000000000000_BLU_2011 |7 0 |8 A |9 446428 |a BIBTEO |b BIBTEO |i 5293448 |o 190 BLU 2011 |p 5293448 |r 2025-01-17 |w 2019-11-22 |y BK |z Catalogado en:20160616 |k ICR | ||
| 952 | |0 0 |1 0 |2 ddc |4 0 |6 190_000000000000000_BLU_2011 |7 0 |8 A |9 599819 |a BIBTEO |b BIBTEO |c GEN |d 2025-01-23 |i 5607728 |o 190 BLU 2011 |p 5607728 |r 2025-01-23 |t 3 |w 2025-01-23 |y BK |k ICR | ||